Vernostný systém ako nástroj marketingu z pohľadu špecifickej skupiny spotrebiteľov bakalárska práca

Na minha lista:
Detalhes bibliográficos
Autor principal: Fedorková, Zuzana
Autor Corporativo: Podnikovohospodárska fakulta EU so sídlom v Košiciach. Katedra marketingu a obchodu
Outros Autores: Pčolinská, Lenka
Formato: Livro
Idioma:eslovaco
Publicado em: Košice 2013
Tags: Adicionar Tag
Sem tags, seja o primeiro a adicionar uma tag!

MARC

LEADER 00000nbm a2200000 4500
001 0172265
005 20161109112039.7
041 0 |a slo 
044 |a SK 
245 1 0 |a Vernostný systém ako nástroj marketingu z pohľadu špecifickej skupiny spotrebiteľov  |b bakalárska práca  |c Zuzana Fedorková ; školiteľ: Lenka Pčolinská 
264 1 |a Košice  |c 2013 
300 |a 56 s. 
100 1 |a Fedorková, Zuzana 
700 1 |a Pčolinská, Lenka 
710 2 |a Podnikovohospodárska fakulta EU so sídlom v Košiciach. Katedra marketingu a obchodu